Handbuch der Altägyptischen Heilpflanzen /

محفوظ في:

المؤلف الرئيسي: Germer, Renate.

التنسيق: كتاب

اللغة: German

منشور في: Wiesbaden : Otto Harrassowitz, 2008.

سلاسل: Philippika, 21.

الموضوعات:

الوسوم: إضافة وسم

لا توجد وسوم, كن أول من يضع وسما على هذه التسجيلة!

رقم الطلب: DS41 .P28 v.21

LEADER 00944cam a22003017a 4500
001 15476553
003 OSt
005 20260308091429.0
008 080929s2008 gw a bf 001 0 ger d
010 |a 2008485672 
020 |a 9783447056328 
020 |a 3447056320 
040 |c ARCE Library 
050 4 |a DS41 .P28 v.21 
100 1 |a Germer, Renate. 
245 1 0 |a Handbuch der Altägyptischen Heilpflanzen /  |c Renate Germer. 
260 |a Wiesbaden :  |b Otto Harrassowitz,  |c 2008. 
300 |a 388 p. :  |b ill. ;  |c 25 cm. 
490 0 |a Philippika,   |x 1613-5628 ;   |v 21. 
504 |a Includes bibliographical references (p. [375] -378) and indexes. 
650 0 |a Botany, Medical  |z Egypt  |x History. 
650 0 |a Medicinal plants  |z Egypt  |v Handbooks, manuals, etc. 
650 0 |a Phytotherapy  |x history  |z Egypt. 
650 0 |a History, Ancient  |z Egypt. 
650 0 |a Plants, Medicinal  |z Egypt. 
901 |a reviewed 
942 |2 lcc  |c BK 
999 |c 31134  |d 31134